000 00350nam a2200145Ia 4500
008 150201s2009 xx 000 0 und d
082 _a611
_bA09A
100 _aALLEN , KATRINA D.
245 _aANATOMY & PHYSIOLOGY MEDE INCREDIBLE EASY
250 _a3RD
260 _bWOLTERS
_aDELHI
_c2009
300 _a376
650 _aANATOMY
942 _2ddc
_cBK
999 _c1948
_d1948